Logo BPK

Biblioteka

Politechniki Koszalińskiej

The People's Places : (Rekord nr 49268)

Szczegóły MARC
000 -ETYKIETA REKORDU
podpole kontrolne o stałej długości 00684nam a2200229 i 4500
001 - NUMER KONTROLNY REKORDU
pole kontrolne bgj
020 ## - MIĘDZYNARODOWY ZNORMALIZOWANY NUMER KSIĄŻKI - ISBN
ISBN 0192853503
040 ## - ŹRÓDŁO KATALOGOWANIA
Instytucja, która utworzyła rekord BPK
041 0# - KOD JĘZYKA
Kod języka tekstu eng
920 ## - Międzynarodowy znormalizowany numer książki – ISBN
ISBN 0-19-285350-3
008 - POLE O STAŁEJ DŁUGOŚCI - DANE KONTROLNE
podpole kontrolne o stałej długości s uk f |000 0 eng
100 1# - NAZWA OSOBOWA
Nazwa osobowa MORGAN, Kenneth O.
245 10 - TYTUŁ/ODPOWIEDZIALNOŚĆ
Tytuł The People's Places :
Ciąg dalszy tytułu British history since 1945 /
Pozostałe elementy strefy tytułu i oznaczenia odpowiedzialności Kenneth O. Morgan.
250 ## - STREFA WYDANIA
Oznaczenie wydania 2nd edition.
260 ## - STREFA ADRESU WYDAWNICZEGO
Miejsce wydania Oxford ;
-- New York :
Nazwa wydawcy/dystrybutora Oxford University Press,
Data publikacji, dystrybucji/powstania dokumentu 1999.
300 ## - STREFA OPISU FIZYCZNEGO
Objętość XII, 611, [8] pp :
Inne cechy fizyczne photos ;
Rozmiary 20 cm.
504 ## - UWAGA DOTYCZĄCA BIBLIOGRAFII
Informacje o bibliografii Bibliography p. 566-584.
505 ## - SFORMALIZOWANA UWAGA DOTYCZĄCA ZAWARTOŚCI
Pełny tekst uwagi Includes index.
651 #9 - HASŁO PRZEDMIOTOWE W FORMIE NAZWY GEOGRAFICZNEJ
Nazwa geograficzna Great Britain
Określnik ogólny History
Określnik chronologiczny 1952-
651 #9 - HASŁO PRZEDMIOTOWE W FORMIE NAZWY GEOGRAFICZNEJ
Nazwa geograficzna Great Britain
Określnik ogólny history
Określnik chronologiczny 1936-1952
942 ## - DODATKOWE ELEMENTY (KOHA)
Typ dokumentu Książka
Egzemplarze
Wycofany Status egzemplarza Uszkodzony Dostępność Lokalizacja stała Lokalizacja bieżąca Miejsce przechowywania Sygnatura Kod kreskowy Dział Typ dokumentu
      Tylko na miejscu Biblioteka Politechniki Koszalińskiej Biblioteka Politechniki Koszalińskiej Czytelnia Wydziałowa ul. Kwiatkowskiego 6e BR 123 09000384 94(410) Historia Wielkiej Brytanii Książka
© 2023 Biblioteka Politechniki Koszalińskiej :: KOHA